Vector analysis with applications (Record no. 7970)

000 -LEADER
fixed length control field 00491nam a22001937a 4500
001 - CONTROL NUMBER
control field 7970
003 - CONTROL NUMBER IDENTIFIER
control field BD-DhUET
008 - FIXED-LENGTH DATA ELEMENTS--GENERAL INFORMATION
fixed length control field 141221b xxu||||| |||| 00| 0 eng d
040 ## - CATALOGING SOURCE
Transcribing agency 0
Modifying agency BD-DhUET
082 ## - DEWEY DECIMAL CLASSIFICATION NUMBER
Classification number 516.83
Item number ALI/1977
100 ## - MAIN ENTRY--PERSONAL NAME
Personal name Ali Ashraf
245 ## - TITLE STATEMENT
Title Vector analysis with applications
Statement of responsibility, etc. by Ali Ashraf
250 ## - EDITION STATEMENT
Edition statement 1st ed.
260 ## - PUBLICATION, DISTRIBUTION, ETC. (IMPRINT)
Place of publication, distribution, etc. Dhaka
Name of publisher, distributor, etc. Hafiz book centre
Date of publication, distribution, etc. 1977
300 ## - PHYSICAL DESCRIPTION
Extent 340[2]p.
Other physical details ill.
650 #0 - SUBJECT ADDED ENTRY--TOPICAL TERM
Topical term or geographic name as entry element Vector analysis
700 ## - ADDED ENTRY--PERSONAL NAME
Personal name Abdul Khaleq Hazra, Md.
942 ## - ADDED ENTRY ELEMENTS (KOHA)
Koha item type General Book
Holdings
Withdrawn status Date acquired Koha date last seen Lost status Not for loan Koha normalized classification for sorting Koha issues (times borrowed) Koha full call number Location (home branch) Copy number Piece designation (barcode) Price effective from Shelving location Koha date last borrowed Koha item type Source of classification or shelving scheme Sublocation or collection (holding branch) Koha out on loan Damaged status
 2014-12-212025-11-09  516_830000000000000_ALI_197713516.83/ALI/1977Central Library, BUET1487822014-12-21Circulation section2023-09-26General Book Central Library, BUET  
 2015-03-312024-02-04  516_830000000000000_ALI_19779516.83/ALI/1977Central Library, BUET2487852015-03-31Circulation section2024-02-04General Book Central Library, BUET2024-02-18 
 2015-06-072015-06-07  516_830000000000000_ALI_1977 516.83/ALI/1977Central Library, BUET3562152015-06-07Reading section General Book Central Library, BUET  
 2015-06-072015-06-07  516_830000000000000_ALI_1977 516.83/ALI/1977Central Library, BUET4562132015-06-07Reading section General Book Central Library, BUET  
 2015-06-072015-06-07  516_830000000000000_ALI_1977 516.83/ALI/1977Central Library, BUET5562162015-06-07Reading section General Book Central Library, BUET  
 2015-06-072015-06-07  516_830000000000000_ALI_1977 516.83/ALI/1977Central Library, BUET6562182015-06-07Reading section General Book Central Library, BUET  
 2015-07-122025-11-09  516_830000000000000_ALI_19771516.83/ALI/1977Central Library, BUET7562122015-07-12Circulation section2024-10-23General Book Central Library, BUET